Egypt in transition /

Bibliographic Details
Main Author: Low, Sidney, Sir, 1857-1932
Format: Book
Language:English
Published: New York : The Macmillan company, 1914.
Subjects:

MARC

Tag First Indicator Second Indicator Subfields
LEADER 00000cam a2200000 4500
001 in00000697643
005 20151016053428.0
008 720510s1914 nyuc 00010 eng u
010 |a  14003577  
035 |a (OCoLC)00305546 
035 |9 ADC0680AM 
040 |c KSU  |d TXA  |d UtOrBLW 
049 |a TXAM  |c [8320] 
050 0 |a DT55  |b .L82 
092 |a 916.2  |b L91 
100 1 |a Low, Sidney,  |c Sir,  |d 1857-1932. 
245 1 0 |a Egypt in transition /  |c by Sidney Low; with an introduction by the Earl of Cromer. 
264 1 |a New York :  |b The Macmillan company,  |c 1914. 
300 |a xxiv pages, 1 ., 316 pages :  |b frontispiece, portraits ;  |c 23 cm. 
336 |a text  |b txt  |2 rdacontent 
337 |a unmediated  |b n  |2 rdamedia 
338 |a volume  |b nc  |2 rdacarrier 
651 0 |a Egypt  |x Description and travel. 
651 0 |a Egypt  |x Politics and government  |y 1882-1952. 
999 |a MARS 
999 f f |s 84576593-e3cc-3c5f-9db4-1aef875ebe6a  |i 970d91da-f9f1-3162-9cd6-bad18c9e1d96  |t 0 
952 f f |p ric  |a Texas A&M University  |b Rellis Campus  |c Joint Library Facility  |d Remote Storage  |t 0  |e DT55 .L82  |h Library of Congress classification  |i unmediated -- volume  |m A14801426206 
998 f f |a DT55 .L82  |t 0  |l Remote Storage